01581nam a22001817a 4500003001000000008004100010020001800051040001400069041000700083100001700090245007800107260003200185300001200217500012700229520100900356650002301365654001101388IT-MiCISF161219b xxu||||| |||| 00| 0 eng d a9788873132431 cIT-MiCISF ait aPesenti Luca aPolitiche sociali e sussidiarietàbI modelli, gli attori, le esperienze aRomabEdizioni Lavoroc2008 app. 164 apolitiche-sociali, politica-familiare, welfare, terzo-settore, servizi-infanzia, lavoro, famiglia, previdenze-per-famiglia aLe politiche sociali stanno cambiando. L'epoca della sussidiarietà rimette in discussione i modelli tradizionali, aprendo la strada a nuovi soggetti che si affiancano da protagonisti a quelli di natura pubblica: la famiglia, il privato sociale, l'impresa. Il volume esamina le teorie e i modelli sulla riforma delle politiche sociali, per evidenziare gli elementi di innovazione del welfare italiano che emergono dall'analisi empirica: le buone prassi di riforma nelle pubbliche amministrazioni (regionali e locali); le tappe di sviluppo del settore non profit e la sua capacità di creare buoni servizi e opportunità occupazionali; la conciliazione tra famiglia e lavoro, vista dal lato dell'offerta pubblica (politiche family friendly) e dell'offerta privata (servizi di welfare aziendale). Collegando il dibattito teorico internazionale alla messa in luce dei segnali di mutamento osservabili nella realtà del paese, l'autore fornisce un contributo originale a un tema oggi di grande rilevanza. apolitica-familiare asaggio